LEADER 01827nam 2200493 450 001 000010598 005 20121210112840.0 010 $a88-15-04568-6 100 $a20020304d1994----km-y0itay0103----ba 101 0 $aita 102 $aIT 200 1 $aApparizioni fantastiche$etradizioni folcloriche e letteratura nel medioevo: Walter Map$fAlberto Vārvaro 210 $aBologna$c<> Mulino$d1994 215 $a252 p.$d22 cm 225 2 $aRicerca 410 0$12001$aRicerca 600 1$aMap,$bWalter 676 $a878.03$v(22 ed.)$9Miscellanea latina. 750-1350 700 1$aVārvaro,$bAlberto$075323 801 0$aIT$bUniversitā della Basilicata - B.I.A.$gREICAT$2unimarc 912 $a000010598 996 $aApparizioni fantastiche$977096 997 $aUNIBAS BAS $aMONLET BAS $aMONOGR BAS $aLETTERE CAT $aSTD014$b01$c20020304$lBAS01$h1729 CAT $aDILEO$b20$c20020506$lBAS01$h1523 CAT $aDILEO$b20$c20020506$lBAS01$h1526 CAT $c20050601$lBAS01$h1754 CAT $abatch$b01$c20050718$lBAS01$h1050 CAT $c20050718$lBAS01$h1109 CAT $c20050718$lBAS01$h1139 CAT $c20050718$lBAS01$h1154 CAT $aBATCH$b00$c20070503$lBAS01$h1735 CAT $aSTD074$b01$c20120127$lBAS01$h0833 CAT $aMDL$b30$c20120910$lBAS01$h1032 CAT $aMDL$b00$c20121207$lBAS01$h1237 CAT $aSTD085$b01$c20121210$lBAS01$h0931 CAT $aSTD085$b01$c20121210$lBAS01$h0931 CAT $aMDL$b00$c20121210$lBAS01$h1128 FMT Z30 -1$lBAS01$LBAS01$mBOOK$1BASA1$APolo Storico-Umanistico$2DSLA$BCollezione DiSSLA$3DD/4073$64073$5D4073$820120127$f04$FPrestabile Didattica Z30 -1$lBAS01$LBAS01$mBOOK$1BASA1$APolo Storico-Umanistico$2DSLF$BCollezione DiSLF$3DF/6361$66361$5F6361$820020304$f04$FPrestabile Didattica LEADER 00936nam0-2200337---450 001 990008833590403321 005 20201104132602.0 010 $a978-1-904455-19-6 035 $a000883359 035 $aFED01000883359 035 $a(Aleph)000883359FED01 035 $a000883359 100 $a20090331d2008----km-y0itay50------ba 101 0 $aeng 102 $aUS 105 $aaf------001yy 200 1 $aPseudomonas$egenomics and molecular biology$fedited by Pierre Cornelis 210 $aNorfolk$cCaister Academic Press$dc2008 215 $aVII, 244, A1-A7 p., tav.$cill.$d24 cm 610 0 $aGenomica 610 0 $aPseudomonas 676 0 $a575.1$v20$zita 676 $a579.332$v23$zita 702 1$aCornelis,$bPierre 801 0$aIT$bUNINA$gRICA$2UNIMARC 901 $aBK 912 $a990008833590403321 952 $a60 579.332 CORP 2008$b11867$fFAGBC 959 $aFAGBC 996 $aPseudomonas$9806192 997 $aUNINA